| 000 | 00373 a2200121 4500 | ||
|---|---|---|---|
| 001 | ART_49054 | ||
| 005 | 20260410161607.0 | ||
| 008 | 260409a | ||
| 245 | 1 | 0 | _aLa ley 27349 y su impacto en los estados contables |
| 100 | 1 | _aSimaro, Gustavo | |
| 700 | 1 | _aTorchelli, Valeria | |
| 773 | 0 |
_tProfesional & Empresaria _g- Año XX, Nº 237 (jun. 2019) _wREV70 |
|
| 999 |
_c10273 _d10273 |
||